00964nam a22002177a 450000500170000000800410001702000180005804000480007604100080012424502060013226000280033830000300036650400410039665000540043765000320049165000440052365100570056770000280062470000500065270000440070220211012133703.0211012s2021 ck d|||gr|||| 00| 0 spa d a9789584296450 aCO-BoUCMbspacDeissy GarciadDeissy Garcia0 aspa03aLa guerra contra las drogas en América Latinabenfoques regionales de la interdicción aéreacedición Rodrigo Mezú, Alfredo Fernández de Lara Gaitán ; prólogo César Fernández de Lara aBogotábPlanetac2021 a256 páginasbgráficas aIncluye referencias bibliográficas 7aNarcotráficoxInvestigacioneszAmérica Latina 7aViolencia y narcotráfico  7aAbuso de substancias zAmérica Latina aAmérica LatinaxFuerza aéreaxAviación militar1 aMezú, Rodrigoeeditor1 aFernández de Lara Gaitán, Alfredoeeditor1 aFernández de Lara, Césareprólogo